Stocks and shares (Record no. 552014)

000 -LEADER
fixed length control field 00315nam a22001217a 4500
082 ## - DEWEY DECIMAL CLASSIFICATION NUMBER
Classification number 332.6322
Author Mark WIT
245 ## - TITLE STATEMENT
Title Stocks and shares
260 ## - PUBLICATION, DISTRIBUTION, ETC.
Place of publication, distribution, etc. London:
Name of publisher, distributor, etc. William Clowes and Son, Limited
Date of publication, distribution, etc. c1910
300 ## - PHYSICAL DESCRIPTION
Extent xi, 371p;
Dimensions 19cm
526 ## - STUDY PROGRAM INFORMATION NOTE
Program name 0
Interest level 0
Reading level 0
Title point value 332_632200000000000_WIT
650 ## - SUBJECT ADDED ENTRY--TOPICAL TERM
Topical term or geographic name entry element MCE
9 (RLIN) 379
942 ## - ADDED ENTRY ELEMENTS (KOHA)
Source of classification or shelving scheme
Koha item type Book
Holdings
Withdrawn status Lost status Source of classification or shelving scheme Damaged status Not for loan Permanent Location Current Location Shelving location Date acquired Total Checkouts Full call number Barcode Date last seen Price effective from Koha item type
          Military College of Engineering (MCE) Military College of Engineering (MCE)   01/06/2015   332.6322 WIT MCE-ECS/64 01/06/2015 01/06/2015 Book
© 2023 Central Library, National University of Sciences and Technology. All Rights Reserved.